000 00985nam a22002297a 4500
001 38148
003 BD-RjUL
005 20211209052733.0
008 150916s1964 bg ||||| |||| 00| 0 ben d
035 _a(BD-RjUL)38253
040 _aBD-RjUL
_bben
_cBD-RjUL
041 _aben
082 _223
_a891.4409
_bANM 1964
100 _aআনিসুজ্জামান
_9118049
245 _aমুসলিম-মানস ও বাংলা সাহিত্য :
_b১৭৫৭-১৯১৮ /
_cআনিসুজ্জামান
260 _aঢাকা :
_bলেখক সংঘ প্রকাশনী,
_c১৯৬৪.
300 _a৫২৬ পৃ. ;
_c২২ সেমি.
504 _aগ্রন্থপঞ্জি ও নির্ঘন্ট সংযুক্ত।
650 _aবাংলা সাহিত্য
_xইতিহাস ও সমালোচনা
_9118050
650 _aBengali Literature
_xHistory and Criticism
_9117020
942 _2ddc
_cBK
_02
999 _c38148
_d38148